000 00722cam a22002534a 4500
001 3091865
005 20180125034351.0
008 981019s1998 caua 001 0 eng c
010 _a 98088737
020 _a0764551248
035 _a(DLC) 98088737
035 _a(OCoLC)40535930
040 _aOCl
_cOCl
_dCoD
_dDLC
041 _aeng
042 _apcc
080 _a615.83 tam
100 1 _a5
101 _aekz
245 1 0 _aWorkouts for dummies /
_cby Tamilee Webb with Lori Seeger.
906 _a7
_bcbc
_cpccadap
_d2
_eopcn
_f19
_gy-gencatlg
942 _2ddc
_cBK
999 _c40894
_d40894